000 00467nam a2200169Ia 4500
005 20250508155407.0
008 008 250505s9999 xx 000 0 hin d
037 _aTextual
040 _aFEDL
_beng
_cFEDL
041 _ahin
_2hin
084 _aB, SHA
_qFEDL
245 0 _aPadam Singh Sharma: Jiwani, sansmaran aur kratitva
260 _aDelhi, India
_bAtma Ram and Sons
_c1951
300 _a35p
942 _cTEXL
_hB, SHA
999 _c1356425
_d1356425